Nuevo atlas de histología normal de Di Fiore

Guardat en:
Dades bibliogràfiques
Autors principals: Piezzi, Ramón S (Autor), Fornés, Miguel W (Autor)
Format: Llibre
Idioma:espanyol
Publicat: Buenos Aires El Ateneo 2006
Edició:1a. ed
Matèries:
Etiquetes: Afegir etiqueta
Sense etiquetes, Sigues el primer a etiquetar aquest registre!

MARC

LEADER 00000nam a2200000 a 4500
001 UCI6207
003 CL-VaPUC
008 080425e20060000AG |||||||||||||||||spa|d
020 |a 9789500204118 
082 0 4 |a 611.018  |b PIE  |2 21 
100 0 |a Piezzi, Ramón S  |e author  |9 528926 
700 0 |a Fornés, Miguel W  |e author  |9 528927 
245 1 0 |a Nuevo atlas de histología normal de Di Fiore 
250 |a 1a. ed 
300 |a 330 p 
942 |c BK 
945 |d 20080425 00:00:00  |a rbrito 
260 |a Buenos Aires  |b El Ateneo  |c 2006 
650 0 |a Histología   |9 264868 
650 7 |a CELULA  |2 CL-VaPUC  |9 372633 
650 7 |a SISTEMA CARDIOVASCULAR  |2 CL-VaPUC  |9 329868 
650 0 |a Aparato digestivo  |9 269553 
650 0 |a Aparato respiratorio  |9 263058 
650 0 |a Aparato urinario  |9 343785 
650 0 |a Aparato reproductor femenino   |9 528928 
650 0 |a Aparato reproductor masculino  |9 461132 
650 7 |a SISTEMA ENDOCRINO  |2 CL-VaPUC  |9 329871 
650 0 |a Sistema nervioso central  |9 312521 
650 0 |a Visión  |9 269056 
650 0 |a Audición  |9 269632 
583 |a last modification  |c 20080425 00:00:00  |k Rodrigo Vera 
999 |c 329743  |d 329741 
952 |0 0  |1 0  |4 0  |6 611_018000000000000_PIE_2006  |7 0  |8 A  |9 414789  |a BIBCUR  |b BIBCUR  |d 2019-11-22  |i 4432347  |l 2  |o 611.018 PIE 2006  |p 4432347  |r 2025-04-22  |s 2024-09-10  |w 2019-11-22  |y BK  |k BCB